| 000 | 00739aam a2200241 4500 | ||
|---|---|---|---|
| 005 | 20160929140857.0 | ||
| 008 | 150608b xxu||||| |||| 00| 0 spa d | ||
| 041 | _aEspañol | ||
| 082 | _a972.861 S477c | ||
| 100 |
_aSenior Angulo, Diana _99779 |
||
| 245 | _aCiudadanía afrocostarricense: el gran escenario comprendido entre 1927 y 1963 | ||
| 260 |
_aCosta Rica _bEUNED-Editorial UCR _c2011 |
||
| 300 | _a352 páginas | ||
| 650 |
_aCOSTA RICA _923623 |
||
| 650 |
_aAFROCARIBEÑOS _99781 |
||
| 650 |
_aINMIGRACIÓN AFROCARIBEÑA _99782 |
||
| 650 |
_aPLANTACIONES BANANERAS _99783 |
||
| 650 |
_aFERROCARRIL AL CARIBE _99784 |
||
| 650 |
_aLIMÓN _94425 |
||
| 650 |
_aHISTORIA _943 |
||
| 650 |
_aNATURALIZACIÓN _99785 |
||
| 942 | _cBK | ||
| 999 |
_c2692 _d2692 |
||